000 00774nam a22002177a 4500
003 OSt
005 20260120003955.0
008 260120b |||||||| |||| 00| 0 eng d
020 _a0-393-97349-2
040 _aDWC-Main lib
_cOC
082 _25th edition
_aCirc. 973.21 T588 1999
100 _aTindall, G.B.
245 _aAmerica :
_ba narrative history vol. 2
_cTindall, George Brown
250 _a5th edition
260 _aUSA :
_bW. W. Norton & company, Inc.,
_cc1999
300 _axii, 789-1690 pages :
_b illustration ;
_c23 cm.
504 _aIncludes bibliographical references and index
650 _2United States - history
700 _aDavid, Shi E.
942 _2ddc
_cBK-CIRC
_e5th edition
_hCirc. 973.21 T588 1999
_kCirc.
_n0
999 _c7559
_d7559